[Event "Lvov Bobersky 150 ann"]
[Site "Lvov"]
[Date "2023.12.19"]
[Round "9"]
[White "Biletskyy, Dmytro"]
[Black "Lozynskyi, Bohdan"]
[Result "0-1"]
[WhiteElo "1926"]
[BlackElo "2121"]
[PlyCount "110"]
[EventDate "2023.12.19"]
[EventType "tourn (blitz)"]
[EventRounds "14"]
[EventCountry "UKR"]
[SourceTitle "CB52_2023"]
[SourceDate "2023.12.27"]
[SourceVersion "1"]
[SourceVersionDate "2023.12.27"]
[SourceQuality "1"]

1. e4 c5 2. Nf3 e6 3. c3 Nc6 4. d4 cxd4 5. cxd4 d5 6. e5 Qb6 7. Nc3 Bd7 8. Be2 Nge7 9. Na4 Qc7 10. Nc5 Nf5 11. Nxd7 Qxd7 12. 0-0 Be7 13. Bf4 h6 14. g4 Nh4 15. Nxh4 Bxh4 16. Rc1 0-0 17. a3 Rac8 18. Qd2 Ne7 19. Be3 Rxc1 20. Rxc1 Rc8 21. Kg2 Rxc1 22. Qxc1 Qc6 23. Qd2 Ng6 24. f4 Bd8 25. Bd3 Ne7 26. Qb4 Qc8 27. Kg3 Nc6 28. Qc3 Qd7 29. f5 Qe7 30. h3 Qh4+ 31. Kg2 h5 32. Be2 hxg4 33. hxg4 Bg5 34. b4 Qh6 35. Bf2 Bf4 36. Qh3 Qxh3+ 37. Kxh3 Bc1 38. b5 Na5 39. a4 Bb2 40. Kg3 Nb3 41. fxe6 fxe6 42. Bd1 Nxd4 43. Kf4 a6 44. bxa6 bxa6 45. Be1 Nc6 46. Be2 Bxe5+ 47. Ke3 Bd4+ 48. Kf3 a5 49. Bb5 Ne5+ 50. Kf4 Ng6+ 51. Kg5 Ne5 52. Bxa5 Be3+ 53. Kh5 Nf3 54. Bc7 Kh7 55. Bd8 g6# 0-1

[Event "Lvov Bobersky 150 ann"]
[Site "Lvov"]
[Date "2023.12.19"]
[Round "3"]
[White "Goncharenko, Rostislav"]
[Black "Lozynskyi, Bohdan"]
[Result "0-1"]
[WhiteElo "1672"]
[BlackElo "2121"]
[PlyCount "68"]
[EventDate "2023.12.19"]
[EventType "tourn (blitz)"]
[EventRounds "14"]
[EventCountry "UKR"]
[SourceTitle "CB52_2023"]
[SourceDate "2023.12.27"]
[SourceVersion "1"]
[SourceVersionDate "2023.12.27"]
[SourceQuality "1"]

1. d4 d5 2. c4 e6 3. Nc3 Nf6 4. Bg5 Nbd7 5. e3 Bb4 6. Nf3 c5 7. a3 Bxc3+ 8. bxc3 Qa5 9. Qb3 Ne4 10. Rc1 cxd4 11. cxd5 Nxc3 12. Qb4 Qxb4 13. axb4 Nxd5 14. Nxd4 0-0 15. Bb5 N7f6 16. 0-0 Bd7 17. Be2 Rfc8 18. Rb1 Nc3 19. Rb2 Nfe4 20. Bh4 e5 21. f3 exd4 22. fxe4 Nxe2+ 23. Rxe2 Bb5 24. Rd2 Bxf1 25. Kxf1 dxe3 26. Rb2 Rc4 27. Ke2 Rxe4 28. Bg3 Rd8 29. Ke1 e2 30. Rxe2 Rxe2+ 31. Kxe2 Rd4 32. Be1 Re4+ 33. Kf2 Rxe1 34. Kxe1 Kf8 0-1

[Event "Lvov Bobersky 150 ann"]
[Site "Lvov"]
[Date "2023.12.19"]
[Round "1"]
[White "Lozynskyi, Bohdan"]
[Black "Prohorov, Olexandr"]
[Result "0-1"]
[WhiteElo "2121"]
[BlackElo "2086"]
[PlyCount "126"]
[EventDate "2023.12.19"]
[EventType "tourn (blitz)"]
[EventRounds "14"]
[EventCountry "UKR"]
[SourceTitle "CB52_2023"]
[SourceDate "2023.12.27"]
[SourceVersion "1"]
[SourceVersionDate "2023.12.27"]
[SourceQuality "1"]

1. e4 e6 2. d3 b6 3. Nf3 Bb7 4. g3 d5 5. Qe2 Ne7 6. Bg2 g6 7. 0-0 Bg7 8. c3 0-0 9. e5 c5 10. d4 Nbc6 11. Be3 cxd4 12. cxd4 a5 13. Rc1 Nf5 14. Nc3 Ba6 15. Qd2 Nb4 16. Ne1 Rc8 17. a3 Nc6 18. Bf1 Bxf1 19. Kxf1 f6 20. exf6 Qxf6 21. Nc2 Nxe3+ 22. Qxe3 Bh6 23. f4 g5 24. Kg2 gxf4 25. Qf3 fxg3 26. Qxg3+ Kh8 27. Rf1 Qg7 28. Qxg7+ Bxg7 29. Nb5 Ne7 30. Ne3 Ng6 31. Kg3 h5 32. Ng2 Rc2 33. Rxf8+ Bxf8 34. Rf1 Kg7 35. Rf2 Rc1 36. Re2 Kf7 37. h4 Bg7 38. Rf2+ Ke7 39. Re2 Bf6 40. Nc3 Kd6 41. Nb5+ Kd7 42. Rf2 Be7 43. Rf7 Ke8 44. Rg7 Nf8 45. Nf4 Rg1+ 46. Ng2 Nd7 47. Nc7+ Kd8 48. Nxe6+ Ke8 49. Nc7+ Kf8 50. Ne6+ Ke8 51. Rh7 Bd6+ 52. Nef4 Nf6 53. Kf3 Nxh7 54. Nxd5 Rb1 55. Nge3 Rxb2 56. Nf5 Bxa3 57. Ng7+ Kf7 58. Nxh5 Rb3+ 59. Ke4 Rb5 60. Nhf4 Bd6 61. Nd3 a4 62. Nc3 Rb3 63. Nxa4 Nf6+ 0-1

[Event "Lvov Bobersky 150 ann"]
[Site "Lvov"]
[Date "2023.12.19"]
[Round "10"]
[White "Voloshchuk, Svyatoslav"]
[Black "Lozynskyi, Bohdan"]
[Result "1-0"]
[WhiteElo "1653"]
[BlackElo "2121"]
[PlyCount "70"]
[EventDate "2023.12.19"]
[EventType "tourn (blitz)"]
[EventRounds "14"]
[EventCountry "UKR"]
[SourceTitle "CB52_2023"]
[SourceDate "2023.12.27"]
[SourceVersion "1"]
[SourceVersionDate "2023.12.27"]
[SourceQuality "1"]

1. e4 c5 2. d4 cxd4 3. c3 Nf6 4. e5 Nd5 5. Nf3 d6 6. cxd4 Bg4 7. Be2 Nc6 8. 0-0 e6 9. Nbd2 Qc7 10. exd6 Bxd6 11. Nc4 Bxf3 12. Nxd6+ Qxd6 13. Bxf3 0-0 14. Re1 Rfd8 15. Be3 Rac8 16. a3 Na5 17. Bg5 Rd7 18. Be4 h6 19. Bh4 Qb6 20. b4 Nc6 21. Qg4 Nxd4 22. Bxd5 Rxd5 23. Bf6 g6 24. Rad1 Rc4 25. Qh3 Kh7 26. Kh1 Rf5 27. Qh4 g5 28. Bxd4 gxh4 29. Bxb6 axb6 30. Rd7 Rxf2 31. Rxb7 Rcc2 32. Rg1 Ra2 33. h3 Rxa3 34. Rxb6 Rb3 35. Rb5 Rf4 1-0

[Event "Brody Bryvka Memorial"]
[Site "Brody"]
[Date "2023.12.17"]
[Round "5"]
[White "Lozynskyi, Bohdan"]
[Black "Stravinsky, Bogdan"]
[Result "1-0"]
[WhiteElo "2267"]
[BlackElo "1652"]
[PlyCount "105"]
[EventDate "2023.12.17"]
[EventType "swiss"]
[EventRounds "9"]
[EventCountry "UKR"]
[SourceTitle "CB51_2023"]
[SourceDate "2023.12.20"]
[SourceVersion "1"]
[SourceVersionDate "2023.12.20"]
[SourceQuality "1"]

1. e4 Nf6 2. e5 Nd5 3. Nc3 Nxc3 4. dxc3 d6 5. exd6 exd6 6. Bd3 Nc6 7. Nf3 Be7 8. h3 Bf6 9. Be3 Be6 10. Qd2 Qd7 11. a3 a6 12. 0-0 0-0 13. Bg5 Bxg5 14. Nxg5 Bf5 15. Rae1 Rfe8 16. Bc4 Bg6 17. f4 Qf5 18. Kh1 h6 19. Bd3 Qf6 20. Ne4 Bxe4 21. Bxe4 Re7 22. Bxc6 bxc6 23. Rxe7 Qxe7 24. Re1 Qd7 25. Qe3 Kf8 26. Qd3 Kg8 27. Qe4 Rb8 28. b3 c5 29. b4 cxb4 30. cxb4 c5 31. c3 cxb4 32. cxb4 Qb5 33. f5 a5 34. f6 g6 35. bxa5 Qxa5 36. a4 Qe5 37. Qh4 Qg5 38. Qxg5 hxg5 39. a5 Ra8 40. Ra1 Kf8 41. Kh2 Ke8 42. Kg3 Kd7 43. Kg4 d5 44. Kxg5 Ke6 45. a6 Ra7 46. Re1+ Kd6 47. Re7 Rxa6 48. Rxf7 d4 49. Rf8 Kd7 50. Rf7+ Ke8 51. Re7+ Kd8 52. Re4 Rd6 53. f7 1-0

[Event "EU-ch U18 rapid"]
[Site "Terme Catez"]
[Date "2023.09.28"]
[Round "5"]
[White "Kovac, Petar"]
[Black "Lozynskyi, Bohdan"]
[Result "1-0"]
[WhiteElo "2043"]
[BlackElo "2157"]
[PlyCount "83"]
[EventDate "2023.09.28"]
[EventType "swiss (rapid)"]
[EventRounds "9"]
[EventCountry "SLO"]
[SourceTitle "EXT 2024"]
[Source "ChessBase"]
[SourceDate "2023.10.10"]
[SourceVersion "1"]
[SourceVersionDate "2023.10.10"]
[SourceQuality "1"]

1. d4 d5 2. c4 e6 3. Nf3 Nf6 4. g3 Bb4+ 5. Bd2 Be7 6. Bg2 0-0 7. 0-0 c6 8. Qc2 Nbd7 9. Rd1 Ne4 10. Bc1 f5 11. Nbd2 Bf6 12. Nb3 Nb6 13. cxd5 exd5 14. Nc5 Nc4 15. Nd3 Be6 16. b3 Ncd6 17. Nfe5 Nf7 18. Bb2 Qb6 19. e3 Rac8 20. Nf4 Rfe8 21. h4 Qc7 22. Ned3 h6 23. Nh5 Be7 24. Rac1 Nfd6 25. Nhf4 Bf7 26. Ne5 Bf6 27. Bf3 g5 28. Nxf7 Qxf7 29. Bh5 Qg7 30. hxg5 hxg5 31. Nd3 Re7 32. Kg2 Qh8 33. Rh1 Rh7 34. Bg6 Rh6 35. Ne5 Rc7 36. Rxh6 Qxh6 37. Rh1 Qf8 38. f3 Rg7 39. fxe4 fxe4 40. Qe2 Bxe5 41. dxe5 Rxg6 42. exd6 1-0

[Event "Morshyn All Ukranian 1st"]
[Site "Morshyn"]
[Date "2023.07.08"]
[Round "2"]
[White "Lozynskyi, Bohdan"]
[Black "Leshchyshak, Igor"]
[Result "1-0"]
[WhiteElo "2252"]
[BlackElo "2010"]
[PlyCount "39"]
[EventDate "2023.07.08"]
[EventType "swiss (rapid)"]
[EventRounds "9"]
[EventCountry "UKR"]
[SourceTitle "CBM 215 Extra"]
[Source "ChessBase"]
[SourceDate "2023.09.30"]
[SourceVersion "1"]
[SourceVersionDate "2023.09.30"]
[SourceQuality "1"]

1. e4 e6 2. d3 e5 3. Nc3 Nf6 4. f4 d6 5. Nf3 Nc6 6. Be2 Be7 7. 0-0 0-0 8. Qe1 Re8 9. f5 d5 10. Bg5 d4 11. Bxf6 Bxf6 12. Nd5 Nb8 13. g4 c6 14. Nxf6+ Qxf6 15. g5 Qd6 16. Qh4 Nd7 17. Nd2 f6 18. Bh5 Rf8 19. Bg6 hxg6 20. fxg6 1-0

[Event "Morshyn All Ukranian 1st"]
[Site "Morshyn"]
[Date "2023.07.08"]
[Round "9"]
[White "Lozynskyi, Bohdan"]
[Black "Sakun, Volodymyr"]
[Result "1/2-1/2"]
[WhiteElo "2252"]
[BlackElo "2370"]
[PlyCount "30"]
[EventDate "2023.07.08"]
[EventType "swiss (rapid)"]
[EventRounds "9"]
[EventCountry "UKR"]
[SourceTitle "CBM 215 Extra"]
[Source "ChessBase"]
[SourceDate "2023.09.30"]
[SourceVersion "1"]
[SourceVersionDate "2023.09.30"]
[SourceQuality "1"]

1. e4 e5 2. Nf3 Nc6 3. Bc4 Bc5 4. 0-0 Nf6 5. d3 d6 6. h3 h6 7. Nc3 0-0 8. Na4 Bb6 9. Nxb6 axb6 10. a3 Be6 11. Bxe6 fxe6 12. c3 Qe8 13. Qe2 Nh5 14. g3 Qg6 15. Kh2 Rae8 1/2-1/2

[Event "Lvov Christmas op"]
[Site "Lvov"]
[Date "2022.12.30"]
[Round "6"]
[White "Lozynskyi, Bohdan"]
[Black "Popovich, Sviatoslav"]
[Result "1-0"]
[WhiteElo "2153"]
[BlackElo "2153"]
[PlyCount "79"]
[EventDate "2022.12.30"]
[EventType "swiss (rapid)"]
[EventRounds "7"]
[EventCountry "UKR"]
[SourceTitle "CBM 211 Extra"]
[Source "ChessBase"]
[SourceDate "2023.01.31"]
[SourceVersion "1"]
[SourceVersionDate "2023.01.31"]
[SourceQuality "1"]

1. e4 d6 2. d4 Nf6 3. Nc3 Nbd7 4. Nf3 e5 5. Bc4 Be7 6. 0-0 0-0 7. h3 c6 8. Be3 b5 9. Bd3 a6 10. a4 Bb7 11. Qd2 Qc7 12. axb5 axb5 13. Ne2 Rxa1 14. Rxa1 Ra8 15. Rxa8+ Bxa8 16. Ng3 g6 17. c3 Qa5 18. Bh6 Bf8 19. Nf5 Qd8 20. Bxf8 Qxf8 21. Qg5 Kh8 22. dxe5 dxe5 23. Nh6 Ng8 24. Nxg8 Kxg8 25. Nxe5 Nxe5 26. Qxe5 Qd8 27. Qd4 Qe7 28. b4 Bb7 29. e5 Bc8 30. Be4 Bd7 31. f4 Qh4 32. Bf3 Be8 33. Kh2 Qe7 34. Kg3 h5 35. Be4 Kf8 36. Kf3 Bd7 37. Qd6 Qxd6 38. exd6 Kg7 39. Ke3 Kf6 40. Kd4 1-0

[Event "Lvov Buturina Memorial 2nd"]
[Site "Lvov"]
[Date "2022.11.20"]
[Round "9"]
[White "Lozynskyi, Bohdan"]
[Black "Shala, Maksym"]
[Result "1-0"]
[WhiteElo "2252"]
[BlackElo "1679"]
[PlyCount "79"]
[EventDate "2022.11.18"]
[EventType "swiss (rapid)"]
[EventRounds "9"]
[EventCountry "UKR"]
[SourceTitle "CBM 212 Extra"]
[Source "ChessBase"]
[SourceDate "2023.03.31"]
[SourceVersion "1"]
[SourceVersionDate "2023.03.31"]
[SourceQuality "1"]

1. e4 e5 2. Nf3 Nc6 3. Bc4 Nf6 4. d3 Bc5 5. 0-0 0-0 6. c3 d6 7. h3 a6 8. Bb3 h6 9. Nbd2 Re8 10. Re1 Qe7 11. Nf1 Be6 12. Bc2 Rad8 13. Qe2 Bc8 14. Ng3 d5 15. Nh4 dxe4 16. dxe4 Qf8 17. b4 Ba7 18. a4 Be6 19. Ba3 Nb8 20. Nhf5 c6 21. Qf3 Rd2 22. Re2 Red8 23. Bc1 Rxe2 24. Qxe2 Nbd7 25. Rb1 b5 26. Qf3 Ne8 27. Nh5 Bxf5 28. exf5 Qd6 29. Be3 Bxe3 30. fxe3 Qd2 31. Be4 bxa4 32. Rd1 Qxc3 33. f6 a3 34. fxg7 a2 35. Bh7+ Kxh7 36. Qxf7 Qxe3+ 37. Kh1 a1Q 38. Rxa1 Nef6 39. g8B+ Kh8 40. Qg7# 1-0

[Event "Lvov Buturina Memorial 2nd"]
[Site "Lvov"]
[Date "2022.11.18"]
[Round "1"]
[White "Smeryk, Andriy"]
[Black "Lozynskyi, Bohdan"]
[Result "0-1"]
[WhiteElo "1493"]
[BlackElo "2252"]
[PlyCount "92"]
[EventDate "2022.11.18"]
[EventType "swiss (rapid)"]
[EventRounds "9"]
[EventCountry "UKR"]
[SourceTitle "CBM 212 Extra"]
[Source "ChessBase"]
[SourceDate "2023.03.31"]
[SourceVersion "1"]
[SourceVersionDate "2023.03.31"]
[SourceQuality "1"]

1. b3 e5 2. Bb2 d6 3. e3 f5 4. d4 e4 5. d5 Nf6 6. c4 g6 7. Nc3 Bg7 8. Nge2 Nbd7 9. Nf4 Ne5 10. h4 0-0 11. Nb5 Qe7 12. Nd4 Re8 13. Nde6 Bh6 14. Be2 c5 15. a4 Rb8 16. Rh3 Nfd7 17. Rg3 Nf8 18. Nxf8 Rxf8 19. Qd2 Bg7 20. Rh3 a6 21. Rh1 Bh8 22. f3 Bd7 23. Kf2 Rbe8 24. Rae1 exf3 25. gxf3 Ng4+ 26. fxg4 Bxb2 27. g5 Be5 28. Bf3 b5 29. axb5 axb5 30. Reg1 bxc4 31. bxc4 Rb8 32. Rb1 Rfe8 33. Rhe1 Ba4 34. Qd3 Bb2 35. Bd1 Bxd1 36. Rexd1 Qe5 37. Rh1 Bd4 38. Ng2 Bb2 39. Nf4 Ra8 40. Ne6 Ra3 41. Qe2 Ra2 42. Kf3 Qe4+ 43. Kf2 Rea8 44. Rxb2 Qxh1 45. Kg3 Qg1+ 46. Qg2 Qxe3+ 0-1

[Event "Bucharest Super Rapid op"]
[Site "Bucharest"]
[Date "2022.05.01"]
[Round "9"]
[White "Lozynskyi, Bohdan"]
[Black "Obada, Ema"]
[Result "1-0"]
[WhiteElo "2201"]
[BlackElo "2026"]
[PlyCount "108"]
[EventDate "2022.04.30"]
[EventType "swiss (rapid)"]
[EventRounds "10"]
[EventCountry "ROU"]
[SourceTitle "CBM 208 Extra"]
[Source "ChessBase"]
[SourceDate "2022.07.31"]
[SourceVersion "1"]
[SourceVersionDate "2022.07.31"]
[SourceQuality "1"]

1. e4 e6 2. d3 d5 3. Qe2 Ne7 4. Nf3 c5 5. g3 Nbc6 6. Bg2 g6 7. h4 h6 8. 0-0 Bg7 9. c3 0-0 10. Re1 e5 11. Nbd2 Bg4 12. Nf1 Re8 13. Ne3 Be6 14. c4 dxe4 15. dxe4 Nd4 16. Nxd4 cxd4 17. Nd5 f5 18. h5 g5 19. Nxe7+ Qxe7 20. exf5 Bxf5 21. Be4 Bxe4 22. Qxe4 Qf7 23. b3 Rf8 24. Rf1 Qf3 25. Qxf3 Rxf3 26. Ba3 a5 27. Kg2 Rf7 28. f3 Ra6 29. Rae1 Rc7 30. f4 gxf4 31. gxf4 exf4 32. Rxf4 a4 33. Re8+ Kh7 34. Bf8 Bf6 35. c5 axb3 36. axb3 d3 37. Bd6 d2 38. Rf1 Rf7 39. Be5 Kg7 40. Bxf6+ Raxf6 41. Rxf6 Kxf6 42. Rd8 Kg5 43. Rxd2 Kxh5 44. Kg3 Kg5 45. b4 h5 46. Rd5+ Kg6 47. b5 Re7 48. Kf4 h4 49. Rd6+ Kf7 50. Rh6 Re1 51. Rh7+ Ke6 52. Rxb7 Kd5 53. c6 Kc5 54. c7 Kd5 1-0

[Event "EU-ch 22nd"]
[Site "Terme Catez"]
[Date "2022.04.02"]
[Round "7"]
[White "Lozynskyi, Bohdan"]
[Black "Sokolovsky, Yahli"]
[Result "1-0"]
[WhiteElo "2201"]
[BlackElo "2395"]
[PlyCount "103"]
[EventDate "2022.03.27"]
[EventType "swiss"]
[EventRounds "11"]
[EventCountry "SLO"]
[SourceTitle "CBM 208"]
[Source "ChessBase"]
[SourceDate "2022.06.30"]
[SourceVersion "1"]
[SourceVersionDate "2022.06.30"]
[SourceQuality "1"]

1. e4 e5 2. Nf3 Nc6 3. Bc4 Bc5 4. 0-0 d6 5. d3 Nf6 6. c3 a6 7. a4 Ba7 8. Nbd2 0-0 9. h3 Kh8 10. Re1 Ng8 11. Nf1 f5 12. Be3 f4 13. Bxa7 Rxa7 14. d4 Qf6 15. dxe5 dxe5 16. N1h2 g5 17. Nd2 Qg6 18. Bd5 Nf6 19. Bxc6 bxc6 20. Nc4 Qe8 21. Qe2 Rg8 22. f3 Qe7 23. Qf2 Rb7 24. b4 Nd7 25. Rad1 Rb8 26. Rd2 Nb6 27. Na5 Bd7 28. Red1 Be8 29. Ng4 Rg6 30. Qe2 h5 31. Nf2 Nxa4 32. Qc4 c5 33. Nd3 Bb5 34. Qb3 cxb4 35. Nxb4 Nc5 36. Qd5 Rbb6 37. Qa8+ Rg8 38. Rd8 Rbg6 39. Nac6 Qe6 40. Rxg8+ Rxg8 41. Rd8 Kg7 42. Ne7 Rxd8 43. Qxd8 c6 44. Nf5+ Kf7 45. Qxg5 Nd7 46. Qg7+ Ke8 47. Qh8+ Kf7 48. c4 a5 49. cxb5 axb4 50. bxc6 Nb6 51. Qg7+ Ke8 52. Qc7 1-0

[Event "UKR-ch Rapid"]
[Site "Omelnyk"]
[Date "2021.10.02"]
[Round "8"]
[White "Lozynskyi, Bohdan"]
[Black "Omelja, Artem"]
[Result "0-1"]
[WhiteElo "2056"]
[BlackElo "2509"]
[PlyCount "108"]
[EventDate "2021.10.01"]
[EventType "swiss (rapid)"]
[EventRounds "9"]
[EventCountry "UKR"]
[SourceTitle "CBM 204 Extra"]
[Source "ChessBase"]
[SourceDate "2021.11.30"]
[SourceVersion "1"]
[SourceVersionDate "2021.11.30"]
[SourceQuality "1"]

1. e4 c5 2. Be2 e6 3. f4 d5 4. d3 Nc6 5. Nf3 Nf6 6. e5 Ng4 7. c3 Nh6 8. Be3 Nf5 9. Bf2 h5 10. d4 b6 11. 0-0 Be7 12. Qd2 a5 13. Na3 Ba6 14. Bxa6 Rxa6 15. Nb5 a4 16. g3 Ra5 17. Qe2 c4 18. Na3 b5 19. Nc2 b4 20. h3 a3 21. cxb4 axb2 22. bxa5 bxa1Q 23. Rxa1 Qxa5 24. g4 hxg4 25. hxg4 Nh6 26. Ne3 Nb4 27. f5 Nd3 28. f6 gxf6 29. exf6 Bxf6 30. g5 Rg8 31. Kh1 Bxg5 32. Nxg5 Rxg5 33. Bh4 Rg6 34. Qh2 Kf8 35. Rf1 Qc3 36. Bf6 Rxf6 37. Rxf6 Qc1+ 38. Nf1 Ng4 39. Qh8+ Ke7 40. Rf3 Qg5 41. Ng3 Ngf2+ 42. Kg2 Ne4 43. Qh1 Nxg3 44. Rxg3 Qd2+ 45. Kf3 Qf2+ 46. Kg4 Qf4+ 47. Kh5 Qf5+ 48. Kh6 Qf4+ 49. Rg5 f6 50. Qb1 Qxg5+ 51. Kh7 Qh5+ 52. Kg7 Qf7+ 53. Kh6 f5 54. Qb7+ Kf6 0-1

[Event "UKR-ch sf"]
[Site "Omelnyk"]
[Date "2021.09.24"]
[Round "3"]
[White "Shishkin, Vadim"]
[Black "Lozynskyi, Bohdan"]
[Result "1/2-1/2"]
[WhiteElo "2425"]
[BlackElo "2056"]
[PlyCount "111"]
[EventDate "2021.09.22"]
[EventType "swiss"]
[EventRounds "9"]
[EventCountry "UKR"]
[SourceTitle "CBM 204 Extra"]
[Source "ChessBase"]
[SourceDate "2021.11.30"]
[SourceVersion "1"]
[SourceVersionDate "2021.11.30"]
[SourceQuality "1"]

1. d4 d5 2. c4 e6 3. Nc3 Nf6 4. cxd5 exd5 5. Bg5 Bb4 6. Nf3 Nbd7 7. e3 c5 8. Bd3 Qa5 9. Qc2 c4 10. Bf5 0-0 11. 0-0 Re8 12. Bh4 g6 13. Bxd7 Nxd7 14. Nd2 Nb6 15. e4 Bxc3 16. bxc3 dxe4 17. Nxe4 Nd5 18. Rae1 Bf5 19. f3 Kg7 20. g4 Bd7 21. Qd2 h6 22. Bg3 Bc6 23. Bf4 Nxf4 24. Qxf4 Bxe4 25. fxe4 Rf8 26. Re3 Qg5 27. Qg3 b5 28. e5 Rad8 29. Rf6 h5 30. gxh5 Qxh5 31. Re4 b4 32. Rh4 Qd1+ 33. Rf1 Qd2 34. Qf3 Qg5+ 35. Rg4 Qe7 36. cxb4 f5 37. exf6+ Rxf6 38. Rf4 Rxf4 39. Qxf4 Rd5 40. h4 c3 41. Qf3 Rxd4 42. Qxc3 Qxb4 43. Qxb4 Rxb4 44. Rf3 Ra4 45. Kg2 Rxa2+ 46. Kg3 Kh6 47. Rc3 a5 48. Rc8 a4 49. Rh8+ Kg7 50. Ra8 a3 51. Ra6 Ra1 52. Kg2 Kh6 53. Ra5 Kg7 54. Ra6 Kf7 55. Kh2 a2 56. Kg2 1/2-1/2

[Event "Kiev op U16"]
[Site "Kiev"]
[Date "2021.07.21"]
[Round "9"]
[White "Lozynskyi, Bohdan"]
[Black "Kvak, Robert"]
[Result "0-1"]
[WhiteElo "1927"]
[BlackElo "1991"]
[PlyCount "154"]
[EventDate "2021.07.20"]
[EventType "swiss"]
[EventRounds "11"]
[EventCountry "UKR"]
[SourceTitle "EXT 2022"]
[Source "ChessBase"]
[SourceDate "2021.10.06"]
[SourceVersion "1"]
[SourceVersionDate "2021.10.06"]
[SourceQuality "1"]

1. e4 e6 2. d3 d5 3. Qe2 dxe4 4. dxe4 e5 5. Nf3 Nc6 6. c3 a5 7. Be3 Nf6 8. Nbd2 Bd6 9. h3 0-0 10. g4 Be6 11. Ng5 Qe7 12. Nxe6 fxe6 13. g5 Nd7 14. Qg4 Bc5 15. Bc4 Rae8 16. 0-0-0 Bxe3 17. fxe3 Nb6 18. Bb5 Qc5 19. Qe2 a4 20. Rhf1 a3 21. Nb3 axb2+ 22. Kxb2 Qe7 23. h4 Ra8 24. Rxf8+ Qxf8 25. Rf1 Qa3+ 26. Kb1 Na5 27. Nc1 Qxc3 28. Qf2 Qb4+ 29. Ka1 Nac4 30. Nd3 Qc3+ 31. Nb2 Qxb2+ 32. Qxb2 Nxb2 33. Kxb2 c6 34. Be2 Rf8 35. Kb3 Rxf1 36. Bxf1 Kf7 37. Be2 Ke7 38. a4 Kd6 39. Kb4 Nd7 40. Bd1 b6 41. Bc2 Nf8 42. h5 h6 43. gxh6 gxh6 44. Bd1 Nd7 45. Kc4 Nc5 46. Bc2 Na6 47. Bd1 Nc7 48. Be2 b5+ 49. axb5 cxb5+ 50. Kb4 Kc6 51. Ka5 Kc5 52. Bf1 b4 53. Ka4 Ne8 54. Kb3 Nf6 55. Be2 Nxe4 56. Bg4 Nf6 57. Bf3 e4 58. Be2 Nd5 59. Bc4 Nxe3 60. Bxe6 Nd5 61. Kc2 Nf4 62. Bf7 e3 63. Kd1 Kd4 64. Kc2 Nd3 65. Kd1 Ne5 66. Be6 Nc4 67. Bf5 Nd2 68. Bg4 Ne4 69. Be6 Nc3+ 70. Kc2 Ke4 71. Bc4 Kf3 72. Kb3 e2 73. Bxe2+ Nxe2 74. Kxb4 Nf4 75. Kc3 Nxh5 76. Kd2 Ng3 77. Ke1 h5 0-1

[Event "Chortkiv Stadnyk Memorial"]
[Site "Chortkiv"]
[Date "2020.12.09"]
[Round "5"]
[White "Lozynskyi, Bohdan"]
[Black "Medvedyk, Volodymyr"]
[Result "1/2-1/2"]
[WhiteElo "2077"]
[BlackElo "2205"]
[PlyCount "96"]
[EventDate "2020.12.07"]
[EventType "tourn"]
[EventRounds "10"]
[EventCountry "UKR"]
[SourceTitle "CBM 199 Extra"]
[Source "ChessBase"]
[SourceDate "2021.01.31"]
[SourceVersion "1"]
[SourceVersionDate "2021.01.31"]
[SourceQuality "1"]

1. e4 e5 2. Nf3 Nc6 3. Bc4 Bc5 4. c3 Nf6 5. d4 exd4 6. e5 d5 7. Bb5 Ne4 8. cxd4 Bb6 9. Nc3 0-0 10. Be3 Bg4 11. h3 Bh5 12. Qc2 Bg6 13. Qb3 Ne7 14. 0-0 c6 15. Bd3 Qd7 16. Rad1 Nxc3 17. Qxc3 Bh5 18. Be2 Bc7 19. Rfe1 a5 20. b3 Bd8 21. Bf4 Ng6 22. Bh2 Nh4 23. Nxh4 Bxe2 24. Rxe2 Bxh4 25. f4 f5 26. Qf3 Qe6 27. g4 Be7 28. a4 Kh8 29. Kg2 g5 30. fxg5 Bxg5 31. Rf1 fxg4 32. Qxf8+ Rxf8 33. Rxf8+ Kg7 34. Ref2 gxh3+ 35. Kh1 Qg6 36. e6 Qb1+ 37. Rf1 Qe4+ 38. R1f3 Qe1+ 39. Rf1 Qxe6 40. Be5+ Kg6 41. Kh2 h6 42. R1f3 c5 43. Kg3 cxd4 44. Bxd4 h5 45. Kh2 Qg4 46. Rg8+ Kh7 47. Rh8+ Kg6 48. Rg8+ Kh7 1/2-1/2

[Event "Chortkiv Stadnyk Memorial"]
[Site "Chortkiv"]
[Date "2020.12.08"]
[Round "3"]
[White "Lozynskyi, Bohdan"]
[Black "Hulka, Valentyn"]
[Result "1/2-1/2"]
[WhiteElo "2077"]
[BlackElo "1991"]
[PlyCount "70"]
[EventDate "2020.12.07"]
[EventType "tourn"]
[EventRounds "10"]
[EventCountry "UKR"]
[SourceTitle "CBM 199 Extra"]
[Source "ChessBase"]
[SourceDate "2021.01.31"]
[SourceVersion "1"]
[SourceVersionDate "2021.01.31"]
[SourceQuality "1"]

1. e4 c5 2. Be2 Nc6 3. f4 g6 4. Nf3 d5 5. d3 Nf6 6. e5 Nh5 7. 0-0 Bh6 8. g3 0-0 9. c3 d4 10. Nbd2 Ng7 11. Ne4 b6 12. Qa4 Bd7 13. Qc2 Rc8 14. Bd2 f6 15. exf6 exf6 16. Rfe1 dxc3 17. bxc3 Be6 18. Bf1 Re8 19. Qb2 Nf5 20. c4 Bg7 21. Bc3 Ncd4 22. Nxd4 cxd4 23. Bd2 Ne3 24. Be2 Bxc4 25. Bxe3 dxe3 26. dxc4 Rxe4 27. Rad1 Qc7 28. Bf3 Re7 29. Kg2 Kh8 30. Bd5 f5 31. Qa3 Rce8 32. Re2 Qc5 33. Qb3 h6 34. h4 h5 35. Kf3 Bf6 1/2-1/2

[Event "Chortkiv Stadnyk Memorial"]
[Site "Chortkiv"]
[Date "2020.12.08"]
[Round "4"]
[White "Vakulenko, Aleksandr"]
[Black "Lozynskyi, Bohdan"]
[Result "1-0"]
[WhiteElo "2245"]
[BlackElo "2077"]
[PlyCount "79"]
[EventDate "2020.12.07"]
[EventType "tourn"]
[EventRounds "10"]
[EventCountry "UKR"]
[SourceTitle "CBM 199 Extra"]
[Source "ChessBase"]
[SourceDate "2021.01.31"]
[SourceVersion "1"]
[SourceVersionDate "2021.01.31"]
[SourceQuality "1"]

1. d4 d5 2. c4 e6 3. Nc3 Nf6 4. cxd5 exd5 5. Bg5 Nbd7 6. e3 c6 7. Bd3 Be7 8. Qc2 0-0 9. Nf3 Re8 10. 0-0 h6 11. Bf4 Nh5 12. Nxd5 Nxf4 13. Nxf4 Nf6 14. h3 Nd5 15. Nxd5 cxd5 16. Bh7+ Kf8 17. Bf5 Bd6 18. Bxc8 Rxc8 19. Qh7 Qf6 20. Rac1 Rcd8 21. Rc3 Re6 22. Rc8 Ree8 23. Rfc1 g5 24. Rxd8 Rxd8 25. Ne5 Bxe5 26. dxe5 Qxe5 27. Qxh6+ Ke7 28. Rd1 Rd6 29. Qh5 Qxb2 30. Qxg5+ Rf6 31. Qxd5 Qxf2+ 32. Kh2 Kf8 33. Qc5+ Kg7 34. Rd8 Rg6 35. Qf8+ Kf6 36. Rd6+ Kg5 37. Rd4 Qxe3 38. Qc5+ Kf6 39. Rd6+ Qe6 40. Rxe6+ 1-0